000 00499nam a2200181Ia 4500
999 _c1908
_d1908
003 OSt
005 20200924143735.0
008 190216s9999||||xx |||||||||||||| ||und||
040 _coclc
082 _a576
_bRAS/T
100 _aRastogi, Veer Bala
_94959
245 0 _aA Text Book Of Genetics /
_cVeer Bala Rastogi
250 _a10th Ed.
260 _bKedar Nath Ram Nath,
_c2005.
_aMeerut:
300 _a631p
650 _aBotany
942 _cBK
_2ddc
_h576
_iRAS/T
_k576
_mRAS/T